|
|
|
|
| LEADER |
01951nam a2200445 i 4500 |
| 001 |
EBC1346464 |
| 003 |
MiAaPQ |
| 005 |
20200520144314.0 |
| 006 |
m o d | |
| 007 |
cr cnu|||||||| |
| 008 |
140609t20132013gw a o 001 0 ger d |
| 020 |
|
|
|z 9783486716573
|
| 020 |
|
|
|a 9783486736090
|q (electronic bk.)
|
| 035 |
|
|
|a (MiAaPQ)EBC1346464
|
| 035 |
|
|
|a (Au-PeEL)EBL1346464
|
| 035 |
|
|
|a (CaPaEBR)ebr10874768
|
| 035 |
|
|
|a (CaONFJC)MIL610325
|
| 035 |
|
|
|a (OCoLC)879550065
|
| 040 |
|
|
|a MiAaPQ
|b eng
|e rda
|e pn
|c MiAaPQ
|d MiAaPQ
|
| 043 |
|
|
|a e------
|
| 050 |
|
4 |
|a HC240
|b .B73 2013
|
| 082 |
0 |
|
|a 330.94
|2 23
|
| 100 |
1 |
|
|a Brasche, Ulrich,
|e author.
|
| 245 |
1 |
0 |
|a Europaische integration :
|b wirtschaft, erweiterung und regionale effekte /
|c von Prof. Dr. Ulrich Brasche.
|
| 250 |
|
|
|a 3., erweiterte und aktualisierte Auflage.
|
| 264 |
|
1 |
|a Munich, Germany :
|b Oldenbourg Wissenschaftsverlag GmbH,
|c 2013.
|
| 264 |
|
4 |
|c 2013
|
| 300 |
|
|
|a 1 online resource (591 pages) :
|b illustrations
|
| 336 |
|
|
|a text
|2 rdacontent
|
| 337 |
|
|
|a computer
|2 rdamedia
|
| 338 |
|
|
|a online resource
|2 rdacarrier
|
| 500 |
|
|
|a Includes index.
|
| 588 |
|
|
|a Description based on online resource; title from PDF title page (ebrary, viewed June 5, 2014).
|
| 590 |
|
|
|a Electronic reproduction. Ann Arbor, MI : ProQuest, 2015. Available via World Wide Web. Access may be limited to ProQuest affiliated libraries.
|
| 650 |
|
0 |
|a Regionalism
|z European Union countries.
|
| 651 |
|
0 |
|a European Union countries
|x Economic integration.
|
| 655 |
|
4 |
|a Electronic books.
|
| 776 |
0 |
8 |
|i Print version:
|a Brasche, Ulrich.
|t Europaische integration : wirtschaft, erweiterung und regionale effekte.
|b 3., erweiterte und aktualisierte Auflage.
|d Munich, Germany : Oldenbourg Wissenschaftsverlag GmbH, c2013
|h xx, 571 pages
|z 9783486716573
|
| 797 |
2 |
|
|a ProQuest (Firm)
|
| 856 |
4 |
0 |
|u https://ebookcentral.proquest.com/lib/matrademy/detail.action?docID=1346464
|z Click to View
|